Word Ladder: Insomnia Quiz Stats

 Plays Quiz Updated Nov 1, 2012

Support Sporcle.
Go Orange.
Score 0/17 Timer 03:00
0 Plays Today
Clue 5-letter word % Correct
These can be read between?LINES
89.6%
Golf courseLINKS
88.5%
XL, in Roman numeralsFORTY
86.3%
Flirty eye gesturesWINKS
84.6%
Large ocean vesselLINER
84.3%
To float over, like a helicopterHOVER
84.1%
Seeker of solitudeLONER
83.7%
Taylor Swift albumLOVER
79.8%
End of a fableMORAL
68.1%
Clue 5-letter word % Correct
Reef-dwelling eelMORAY
63.7%
Brief raid into enemy territoryFORAY
63%
One who pretends to be someone he/she is notPOSER
54.9%
Pejorative term for a CanadianHOSER
53.9%
Spongy variety of mushroomMOREL
48.5%
Indie movie actress ParkerPOSEY
47.9%
To saunter or ease on downMOSEY
47.8%
German wine regionMOSEL
40.4%

Today's Daily Dose

Missing Word
'80s Musicals

Word Ladder
Hereditary

Get the Picture
Food Names

From the Vault

Top Country Per Language

by Jam1

Native speakers of pig latin are going to feel a little left out.
Remove Ads.
Support Sporcle.
Get the best of Sporcle when you Go Orange. This ad-free experience offers more features, more stats, and more fun while also helping to support Sporcle. Thank you for becoming a member.

Show Comments

Extras

Top Quizzes Today


Score Distribution

Your Account Isn't Verified!

In order to create a playlist on Sporcle, you need to verify the email address you used during registration. Go to your Sporcle Settings to finish the process.

Report this User

Report this user for behavior that violates our Community Guidelines.

Details: